The museum environment
Αποθηκεύτηκε σε:
| Κύριος συγγραφέας: | |
|---|---|
| Μορφή: | Βιβλίο |
| Γλώσσα: | English |
| Δημοσίευση: |
Amsterdam :
Butterworth-Heinemann,
c2003
|
| Έκδοση: | 2nd ed. |
| Σειρά: | Batterwoth-Heinemann Series in conservation and museology
|
| Θέματα: | |
| Ετικέτες: |
Προσθήκη ετικέτας
Δεν υπάρχουν, Καταχωρήστε ετικέτα πρώτοι!
|
MARC
| LEADER | 00000nam a2200000 i 4500 | ||
|---|---|---|---|
| 001 | 1/76222 | ||
| 008 | 050516s1986 eng d | ||
| 020 | |a 0-7506-2041-2 | ||
| 035 | |l 10077922 | ||
| 040 | |a GR-MY-UA |b gre |e aacr | ||
| 041 | 0 | |a eng | |
| 082 | 0 | |a 069.53 |2 (21) | |
| 100 | 1 | |a Thomson, Garry. | |
| 245 | 1 | 4 | |a The museum environment / |c Garry Thomson CBE |
| 250 | |a 2nd ed. | ||
| 260 | |a Amsterdam : |b Butterworth-Heinemann, |c c2003 | ||
| 300 | |a 293 σ.; |b εικ.; |c 25 εκ. | ||
| 490 | 1 | |a Batterwoth-Heinemann series in conservation and museology | |
| 504 | |a Περιέχει βιβλιογραφικές παραπομπές και ευρετήριο | ||
| 650 | 0 | 0 | |a Museum buildings |x Environmental engineering. |
| 650 | 0 | 0 | |a Museum conservation methods. |
| 830 | 0 | |a Batterwoth-Heinemann Series in conservation and museology | |
| 852 | |a INST |b LESVOS |e 20050516 |h 069.53 THO |p 005100029780 |q 005100029780 |t BK |y 0 | ||
| 901 | |a BIBL1-2005-2 | ||
| 909 | |a Λ |b 113727 | ||
| 920 | |a ΔΙΕΥΡΥΝΣΗ |b ΕΠΕΑΕΚ-ΠΤΕ |y ΛΕΣΒΟΣ |z 2004-10 | ||
| 970 | |a ΜΑΡΙΝΑΤΟΥ |b ΜΥΡΣΙΝΗ |z 2005/05/16 | ||